1013 1469 1385 1781 1600 1938 1394 1233 1538 1813 1071 1719 1822 1045 1196 1855 1818 1690 1819 1074 1053 1215 1609 1117 1574 1657 1916 1497 1613 1917 1686 1019 1094 1706 1180 1330 1792 1681 1996 1548 1730 1215 1582 1382 1255 1004 1069 1444 1733 1076 1930 1146 1953 1122 1627 1518 1876 1000 1446 1653 1682 1642 1682 1915 1235 1328 1397 1887 1302 1297 1680 1284 1549 1013 1668 1695 1324 1101 1421 1420 1007 1822 1222 1754 1719 1452 1867 1955 1020 1409 1634 1038 1440 1964 1156 1519 1131 1567 1049 BCNSPRNW ULIB Ver.6.0+V

เปลี่ยนเป็นภาษาไทย

Change to English
 แสดงรายละเอียดบรรณานุกรม
  กลับหน้าหลัก

Brief Record : Get Marc (ISO 2709) : E-mail record : QR code < ปิดหน้าต่าง
LEADER : 00000nam 2200000uu 4500
001    13399122849
003     ULIB
008    131022s2555||||th 000 0 tha d
020    ^a9789742474058
050  4 ^aDS520^bพ517ร
100    ^aพัชรา โพธิ์กลาง
245    ^aเราคืออาเซียน-- ประชาคมอาเซียน /^cพัชรา โพธิ์กลาง
250    ^aพิมพ์ครั้งที่ 4
260    ^aกรุงเทพฯ :^bอมรินทร์คอมมิกส์,^c2555
300    ^a94 หน้า
440  0 ^aชุด เราคืออาเซียน
650  7 ^aประชาคมอาเซียน
650  7 ^aอาเซียน
945    ^p99^l0^i034071
999    ^aทศพร
รายการนี้ยังไม่มีแท็ก
คุณยังไม่ได้ล็อกอิน คุณสามารถมีกิจกรรมร่วมกับเว็บไซต์ได้ แต่ต้องล็อกอินก่อน ::
  ล็อกอิน

รายการสื่อสารสนเทศ

ลำดับที่ ประเภท เลขเรียก/บาร์โค้ด สถานที่ สถานะ
1. การศึกษาทั่วไป
หนังสือสำรอง
สถานะ=หนังสือสำรอง
DS520 พ517ร ฉ.1 
  Barcode: 034071
ห้องสมุดวิทยาเขตสวรรค์ประชารักษ์
►หนังสือทั่วไป
บนชั้น

รายการใกล้เคียง
    ผู้แต่ง [พัชรา โพธิ์กลาง]

    หัวเรื่อง [ประชาคมอาเซียน]
    หัวเรื่อง [อาเซียน]

BibComment


ยังไม่เคยถูกคอมเมนท์

คอมเมนท์ทรัพยากรรายการนี้
  คอมเมนท์: เราคืออาเซียน ปร..


 Copyright 2026. Bcnsprnw @Library